[Event "Solingen-ch 2016"]
[Site "Solingen"]
[Date "2016.09.07"]
[Round "1.1"]
[White "Kniest, Oliver"]
[Black "Alexopoulos, Dr. Spiros"]
[Result "1-0"]
[WhiteElo "2295"]
[BlackElo "1922"]
[PlyCount "57"]
[EventDate "2016.??.??"]
[WhiteTeam "SG Solingen"]
[BlackTeam "Aachener SV"]

1. e4 d5 2. exd5 Nf6 3. d4 Bg4 4. Bb5+ Nbd7 5. f3 Bf5 6. Nc3 a6 7. Ba4 b5 8.
Bb3 Nb6 9. Nge2 Nfxd5 10. Nxd5 Nxd5 11. O-O e6 12. Ng3 Bg6 13. f4 c5 14. c4
bxc4 15. Ba4+ Ke7 16. f5 f6 17. fxg6 hxg6 18. dxc5 Kf7 19. Ne4 Qc7 20. h3 Bxc5+
21. Kh1 Ba7 22. Qe2 Ke7 23. b3 Qb7 24. Ba3+ Nb4 25. Qxc4 a5 26. Bc6 Qb8 27.
Rad1 Qe5 28. Rd7+ Kf8 29. Bxa8 1-0

[Event "Solingen-ch 2016"]
[Site "Solingen"]
[Date "2016.09.09"]
[Round "1.2"]
[White "Zolfagharian, Kevin"]
[Black "Rist, Kurt"]
[Result "1-0"]
[WhiteElo "2143"]
[BlackElo "1706"]
[PlyCount "73"]
[EventDate "2016.??.??"]
[WhiteTeam "SG Solingen"]
[BlackTeam "SG Solingen"]

1. e4 c5 2. Nf3 Nc6 3. d4 cxd4 4. Nxd4 d6 5. Nc3 a6 6. Be3 Nf6 7. f3 g6 8. Qd2
Bg7 9. O-O-O O-O 10. g4 Be6 11. h4 Ne5 12. h5 Rc8 13. hxg6 Rxc3 14. Qxc3 Nxg6
15. Nxe6 fxe6 16. Qb3 Qd7 17. Bc4 d5 18. exd5 b5 19. dxe6 bxc4 20. exd7 cxb3
21. d8=Q bxc2 22. Qa5 cxd1=Q+ 23. Rxd1 Ne8 24. Rd8 Kf7 25. Qd5+ e6 26. Qd7+ Ne7
27. g5 Be5 28. f4 Bc7 29. Bc5 Bxf4+ 30. Kc2 Bxg5 31. Ra8 Rg8 32. Ra7 Bf6 33.
Bxe7 Rg2+ 34. Kd1 Rg1+ 35. Ke2 Rg2+ 36. Kf3 Rf2+ 37. Kxf2 1-0

[Event "Solingen-ch 2016"]
[Site "Solingen"]
[Date "2016.09.09"]
[Round "1.3"]
[White "Bauer, Matthias"]
[Black "Görke, Joachim"]
[Result "0-1"]
[WhiteElo "1688"]
[BlackElo "2106"]
[PlyCount "80"]
[EventDate "2016.??.??"]
[WhiteTeam "SV Günnigfeld"]
[BlackTeam "SG Solingen"]

1. f4 d5 2. Nf3 c5 3. c3 Nc6 4. d4 e6 5. e3 Qc7 6. Bd3 Bd6 7. O-O Nf6 8. Bd2
cxd4 9. cxd4 Bd7 10. a3 O-O 11. Nc3 a6 12. Ne5 g6 13. Be1 Na5 14. Bh4 Be7 15.
Rc1 Bc6 16. Qc2 Kg7 17. Rf3 Nc4 18. Rg3 Nxe5 19. fxe5 Ng8 20. Bxe7 Qxe7 21. Ne2
Rac8 22. Qd1 Bb5 23. Bxb5 axb5 24. Nf4 Rxc1 25. Qxc1 b4 26. axb4 Qxb4 27. Nd3
Qc4 28. Qd2 Ra8 29. Rf3 Ra1+ 30. Rf1 Rxf1+ 31. Kxf1 Ne7 32. Kg1 h5 33. Qc3 b5
34. Nc5 Qe2 35. h3 Nf5 36. Qd3 Qe1+ 37. Kh2 Nxe3 38. Qxb5 Qf2 39. Nxe6+ fxe6
40. Qd7+ Kh6 0-1

[Event "Solingen-ch 2016"]
[Site "Solingen"]
[Date "2016.09.09"]
[Round "1.4"]
[White "Kesseler, Heiko"]
[Black "Zimdars, Wolfgang"]
[Result "1-0"]
[WhiteElo "2100"]
[BlackElo "1611"]
[PlyCount "57"]
[EventDate "2016.??.??"]
[WhiteTeam "Düsseldorfer SK"]
[BlackTeam "SG Solingen"]

1. e4 c6 2. d4 d5 3. e5 Bf5 4. Nf3 e6 5. Be2 Nd7 6. O-O Qb6 7. Nh4 Bg6 8. Nxg6
hxg6 9. a4 Be7 10. c3 Nh6 11. g4 c5 12. Na3 c4 13. Nc2 Qd8 14. f4 Qb6 15. Bd2
f6 16. a5 Qc7 17. Ne3 O-O-O 18. b3 cxb3 19. Qxb3 fxe5 20. fxe5 Rdf8 21. c4
Rxf1+ 22. Rxf1 dxc4 23. Bxc4 Nxe5 24. Bxe6+ Kb8 25. dxe5 Bc5 26. a6 b6 27. Qd5
Rd8 28. Qg2 g5 29. Kh1 1-0

[Event "Solingen-ch 2016"]
[Site "Solingen"]
[Date "2016.09.09"]
[Round "1.5"]
[White "Ehringfeld, Michael"]
[Black "Flesch, Dr. Stefan"]
[Result "0-1"]
[WhiteElo "1588"]
[BlackElo "2057"]
[PlyCount "89"]
[EventDate "2016.??.??"]
[WhiteTeam "SG Solingen"]
[BlackTeam "SG Solingen"]

1. d4 g6 2. c4 Bg7 3. Nc3 d6 4. e4 Nd7 5. Qc2 Bxd4 6. Nf3 Bg7 7. Be3 Ngf6 8.
Bd3 Ng4 9. Bd2 Nge5 10. Be2 Nxf3+ 11. Bxf3 Ne5 12. Be2 Nc6 13. Be3 Nd4 14. Bxd4
Bxd4 15. O-O O-O 16. Rad1 c5 17. Nb5 Bg7 18. f4 a6 19. Nc3 Bd4+ 20. Kh1 f5 21.
Bf3 Rb8 22. Rfe1 Bd7 23. exf5 Rxf5 24. Ne2 e5 25. Bd5+ Kg7 26. fxe5 Bxe5 27.
Rf1 Qf6 28. Ng3 Bxg3 29. Rxf5 Bxf5 30. Qb3 Be5 31. Rf1 Qe7 32. g4 Be6 33. Bxe6
Qxe6 34. Qf3 Qe7 35. Re1 Qf7 36. Qe2 Rf8 37. g5 Qf3+ 38. Qxf3 Rxf3 39. Kg2 Rf4
40. b3 Rg4+ 41. Kf3 Rxg5 42. h4 Rf5+ 43. Ke4 Kf6 44. Rb1 Rf4+ 45. Kd5 0-1

[Event "Solingen-ch 2016"]
[Site "Solingen"]
[Date "2016.09.09"]
[Round "1.6"]
[White "Speck, Stefan"]
[Black "Bashylina, Luisa"]
[Result "1-0"]
[WhiteElo "1995"]
[BlackElo "1561"]
[PlyCount "37"]
[EventDate "2016.??.??"]
[WhiteTeam "SC Solingen 28"]
[BlackTeam "SG Solingen"]

1. e4 c5 2. d4 cxd4 3. c3 d3 4. c4 e6 5. Nc3 Bb4 6. Bxd3 Bxc3+ 7. bxc3 Nc6 8.
Nf3 Qc7 9. O-O h6 10. Nd4 Nxd4 11. cxd4 Ne7 12. Qg4 Ng6 13. e5 O-O 14. h4 Kh8
15. h5 Ne7 16. Qe4 g6 17. Bxh6 Re8 18. Qh4 Ng8 19. hxg6 1-0

[Event "Solingen-ch 2016"]
[Site "Solingen"]
[Date "2016.09.09"]
[Round "1.7"]
[White "Barche, Uwe"]
[Black "Borchert, Stephan"]
[Result "0-1"]
[WhiteElo "1437"]
[BlackElo "1964"]
[PlyCount "68"]
[EventDate "2016.??.??"]
[WhiteTeam "SG Solingen"]
[BlackTeam "SG Solingen"]

1. c4 Nf6 2. g3 g6 3. Bg2 Bg7 4. Nc3 O-O 5. e4 Nc6 6. Nge2 d6 7. O-O a6 8. d3
Rb8 9. Rb1 Bd7 10. b3 b5 11. a3 b4 12. Na2 e5 13. axb4 Nxb4 14. Nxb4 Rxb4 15.
d4 exd4 16. Nxd4 Re8 17. Nc2 Rb8 18. Re1 Bc6 19. Nd4 Ba8 20. Bg5 h6 21. Bxf6
Qxf6 22. Nc2 h5 23. h4 Bc6 24. e5 dxe5 25. Ne3 Bxg2 26. Kxg2 e4 27. Qc2 Qf3+
28. Kh2 Bd4 29. Qe2 Bxe3 30. Qxe3 Qxe3 31. Rxe3 f5 32. Ra1 Rb6 33. f3 Kf7 34.
f4 Rd8 0-1

[Event "Solingen-ch 2016"]
[Site "Solingen"]
[Date "2016.09.09"]
[Round "1.8"]
[White "Beyer, Fabian"]
[Black "Lux, Andreas"]
[Result "0-1"]
[WhiteElo "1963"]
[BlackElo "1857"]
[PlyCount "78"]
[EventDate "2016.??.??"]
[WhiteTeam "SG Solingen"]
[BlackTeam "vereinslos"]

1. d4 Nf6 2. c4 g6 3. Nc3 Bg7 4. e4 d6 5. Be2 O-O 6. Be3 e5 7. d5 Nbd7 8. Nf3
Ng4 9. Bg5 f6 10. Bh4 Nh6 11. O-O g5 12. Bg3 f5 13. exf5 Nxf5 14. Ne4 Nxg3 15.
hxg3 h6 16. Nfd2 Nf6 17. b4 Bf5 18. Bd3 Qd7 19. Rc1 b6 20. Qb3 a5 21. Nxf6+
Rxf6 22. b5 Raf8 23. Ne4 Rg6 24. Qc2 h5 25. Nc5 dxc5 26. Be4 Bxe4 27. Qxe4 Qf5
28. Rce1 g4 29. Qxf5 Rxf5 30. Re4 Bh6 31. Rd1 Kf7 32. a4 Ke7 33. Kf1 Kd6 34.
Kg1 Rgf6 35. Re2 e4 36. Rxe4 Re5 37. Rde1 Rff5 38. R1e2 Rxe4 39. Rxe4 Re5 0-1

[Event "Solingen-ch 2016"]
[Site "Solingen"]
[Date "2016.08.26"]
[Round "1.9"]
[White "Boschek, Dr. Hans-Joachim"]
[Black "Fodor, Bernhard"]
[Result "1-0"]
[WhiteElo "1948"]
[BlackElo "1281"]
[PlyCount "79"]
[EventDate "2016.??.??"]
[WhiteTeam "SG Solingen"]
[BlackTeam "SG Solingen"]

1. Nf3 c5 2. g3 Nc6 3. Bg2 d5 4. d3 Bg4 5. O-O h6 6. Na3 a6 7. c4 e5 8. Qa4 Bd7
9. cxd5 Nd4 10. Qd1 Bd6 11. Nc4 Qc7 12. Bd2 a5 13. Nxd4 cxd4 14. Rc1 Bb4 15.
Bxb4 axb4 16. d6 Qc5 17. Bxb7 Rxa2 18. e3 Nf6 19. exd4 Qxd4 20. Nxe5 O-O 21.
Nc4 Bh3 22. Bg2 Bg4 23. Qb3 Raa8 24. Bxa8 Rxa8 25. Kg2 Qd5+ 26. f3 Be6 27. Rce1
Qxd6 28. Nxd6 Bxb3 29. Rc1 Nd5 30. Rfe1 Rd8 31. Rc8 Rxc8 32. Nxc8 Nf6 33. Ne7+
Kf8 34. Nc6 Nd5 35. Re4 f5 36. Re5 g6 37. Nxb4 Nf6 38. d4 Nd7 39. Re3 Nb6 40.
Rxb3 1-0

[Event "Solingen-ch 2016"]
[Site "Solingen"]
[Date "2016.09.09"]
[Round "1.10"]
[White "Vranidis, Athanassios"]
[Black "Riesen, Peter"]
[Result "1/2-1/2"]
[WhiteElo "1946"]
[BlackElo "1686"]
[PlyCount "43"]
[EventDate "2016.??.??"]
[WhiteTeam "SG Solingen"]
[BlackTeam "Klub Kölner SF"]

1. d4 d5 2. c4 dxc4 3. e4 e5 4. Nf3 exd4 5. Bxc4 Bb4+ 6. Bd2 Bxd2+ 7. Nbxd2 Ne7
8. Nb3 O-O 9. Nbxd4 c5 10. Nb3 b6 11. O-O Nbc6 12. Qe2 Bg4 13. Rad1 Qc7 14. Qe3
Ne5 15. Be2 Nxf3+ 16. Bxf3 Bxf3 17. Qxf3 Rad8 18. Qe2 Rxd1 19. Rxd1 Nc6 20. Rd2
Rd8 21. Qd1 Rxd2 22. Qxd2 1/2-1/2

[Event "Solingen-ch 2016"]
[Site "Solingen"]
[Date "2016.09.09"]
[Round "1.11"]
[White "Wolf, Wieland"]
[Black "Schmuck, Markus"]
[Result "0-1"]
[WhiteElo "1350"]
[BlackElo "1874"]
[PlyCount "84"]
[EventDate "2016.??.??"]
[WhiteTeam "SG Solingen"]
[BlackTeam "SG Solingen"]

1. e4 c5 2. Nc3 d6 3. Nf3 Nc6 4. Be2 g6 5. b3 Bg7 6. Bb2 Rb8 7. Rb1 Nd4 8. Bb5+
Bd7 9. Bxd7+ Qxd7 10. Nxd4 cxd4 11. Ne2 e5 12. d3 Ne7 13. O-O O-O 14. Rc1 f5
15. Ba3 b5 16. Bb4 Nc6 17. Be1 b4 18. f4 a5 19. Bg3 Na7 20. exf5 gxf5 21. Qe1
Nb5 22. Bh4 Kh8 23. Qd2 Rbc8 24. Kh1 e4 25. dxe4 fxe4 26. Bg3 d5 27. Rcd1 Rcd8
28. Qe1 Qc6 29. Qd2 Nc3 30. Nxc3 dxc3 31. Qe2 d4 32. Rfe1 Rfe8 33. Bf2 Bf6 34.
Qh5 Qd5 35. Qxd5 Rxd5 36. g4 h6 37. Kg2 Kg8 38. Bg1 Kf7 39. Be3 d3 40. cxd3
exd3 41. Bf2 Rxe1 42. Bxe1 c2 0-1

[Event "Solingen-ch 2016"]
[Site "Solingen"]
[Date "2016.09.09"]
[Round "1.12"]
[White "Falge, Rainer"]
[Black "Schubert, Stefan"]
[Result "1-0"]
[WhiteElo "1799"]
[BlackElo "1229"]
[PlyCount "91"]
[EventDate "2016.??.??"]
[WhiteTeam "SG Solingen"]
[BlackTeam "SG Solingen"]

1. e4 e5 2. Nf3 d6 3. d4 exd4 4. Nxd4 Nf6 5. Nc3 Be7 6. Bc4 O-O 7. f3 Re8 8.
Be3 Nc6 9. Nxc6 bxc6 10. Qd2 Bf8 11. Rd1 Be6 12. Qe2 Nd7 13. O-O Nb6 14. Bd3 c5
15. b3 a6 16. Bxa6 Qf6 17. Nd5 Nxd5 18. exd5 Bc8 19. Bb5 Re7 20. a4 Qc3 21. Rd3
Qa5 22. Qf2 Ba6 23. Bd2 Qb6 24. Bxa6 Qxa6 25. Re3 c4 26. Rfe1 Rae8 27. Rxe7
Rxe7 28. Rxe7 Bxe7 29. Qe2 Kf8 30. Qxc4 Qb6+ 31. Kf1 Ke8 32. Qc6+ Kd8 33. Qxb6
cxb6 34. Bc3 f6 35. Ke2 Kc7 36. b4 Kb7 37. Kd3 Bd8 38. Ke4 Kc7 39. h4 g6 40. g4
h6 41. h5 f5+ 42. gxf5 gxh5 43. f6 Kd7 44. Kf5 h4 45. Kg4 Ke8 46. Kxh4 1-0

[Event "Solingen-ch 2016"]
[Site "Solingen"]
[Date "2016.09.09"]
[Round "1.13"]
[White "Schubert, Florian"]
[Black "Fränzel, Dr. Marius"]
[Result "0-1"]
[WhiteElo "982"]
[BlackElo "1786"]
[PlyCount "30"]
[EventDate "2016.??.??"]
[WhiteTeam "SG Solingen"]
[BlackTeam "SG Solingen"]

1. e4 e5 2. Nf3 Nc6 3. Bb5 a6 4. Ba4 Nf6 5. Nc3 Bc5 6. O-O b5 7. Bb3 d6 8. d3
Bg4 9. h3 Bh5 10. g4 Nxg4 11. hxg4 Bxg4 12. Bd5 Nd4 13. Bxa8 Nxf3+ 14. Kg2 Qh4
15. Rh1 Qxf2# 0-1

[Event "Solingen-ch 2016"]
[Site "Solingen"]
[Date "2016.09.09"]
[Round "1.14"]
[White "Meckel, Helmut"]
[Black "Wallrodt, Alexander"]
[Result "1-0"]
[WhiteElo "1755"]
[BlackElo "948"]
[PlyCount "45"]
[EventDate "2016.??.??"]
[WhiteTeam "SG Solingen"]
[BlackTeam "SG Solingen"]

1. e4 e5 2. Nc3 Nc6 3. f4 f5 4. exf5 exf4 5. Qh5+ Ke7 6. Bc4 Nh6 7. d3 d6 8.
Bxf4 Bxf5 9. Bg5+ Kd7 10. Bxd8 Rxd8 11. Nge2 g6 12. Qf3 Bg4 13. Qd5 Re8 14. Bb5
Re5 15. Qc4 Rc5 16. Qd4 Re5 17. O-O Kc8 18. Bxc6 bxc6 19. Rae1 Nf5 20. Qxg4 Kd8
21. Nd4 Ne3 22. Nxc6+ Ke8 23. Qc8# 1-0

[Event "Solingen-ch 2016"]
[Site "Solingen"]
[Date "2016.09.09"]
[Round "1.15"]
[White "Wallrodt, Samuel"]
[Black "Skiber, Friedel"]
[Result "0-1"]
[WhiteElo "921"]
[BlackElo "1727"]
[PlyCount "74"]
[EventDate "2016.??.??"]
[WhiteTeam "SG Solingen"]
[BlackTeam "SG Solingen"]

1. e4 d6 2. d4 Nf6 3. Nc3 g6 4. Nf3 Bg7 5. Bc4 O-O 6. Bf4 Bg4 7. h3 Bxf3 8.
Qxf3 Nc6 9. d5 Na5 10. Bb5 a6 11. Ba4 b5 12. Bb3 c5 13. a3 c4 14. Ba2 Rb8 15.
Qe3 b4 16. axb4 Rxb4 17. Nb1 Rxb2 18. Qd4 Nh5 19. Qe3 Rxc2 20. Na3 Rc3 21. Qd2
Rxa3 22. Qb4 Bc3+ 23. Qxc3 Rxc3 24. O-O Nxf4 25. g3 Nxh3+ 26. Kh2 Ng5 27. Rae1
Nf3+ 28. Kg2 Nxe1+ 29. Rxe1 Qb6 30. Rb1 Nb3 31. Rb2 Qd4 32. Bb1 Rxg3+ 33. fxg3
Qxb2+ 34. Kh3 Qxb1 35. e5 h5 36. Kh4 Qe4+ 37. Kh3 Qh1# 0-1

[Event "Solingen-ch 2016"]
[Site "Solingen"]
[Date "2016.09.23"]
[Round "2.1"]
[White "Schmuck, Markus"]
[Black "Kniest, Oliver"]
[Result "0-1"]
[WhiteElo "1874"]
[BlackElo "2295"]
[PlyCount "96"]
[EventDate "2016.??.??"]
[WhiteTeam "SG Solingen"]
[BlackTeam "SG Solingen"]

1. d4 f5 2. g4 fxg4 3. h3 d5 4. Qd3 Nf6 5. Bg5 g6 6. Bxf6 exf6 7. hxg4 Bxg4 8.
Bh3 Bxh3 9. Nxh3 Qd6 10. Nc3 Nc6 11. a3 a6 12. O-O-O O-O-O 13. Qf3 Bh6+ 14. Kb1
f5 15. e3 Na5 16. Ng1 Bf8 17. Ka2 Nc4 18. Nb1 Qb6 19. b3 Nd6 20. Qe2 Ne4 21.
Rd3 c5 22. dxc5 Nxc5 23. Rd1 Bg7 24. Nf3 Kb8 25. Nd4 Ne4 26. Rhe1 Rhe8 27. c3
Rc8 28. Qb2 Re7 29. Re2 Rec7 30. Rd3 h5 31. f3 Nc5 32. Rd1 Qf6 33. Qd2 Nd7 34.
Rg2 g5 35. Qd3 Rf8 36. Rdg1 g4 37. Rh2 h4 38. fxg4 fxg4 39. Ne2 g3 40. Rhg2 Qf5
41. Qxf5 Rxf5 42. Rh1 Bf6 43. Nd4 Re5 44. Nf3 Re4 45. Kb2 Ne5 46. Nxe5 Bxe5 47.
Kc2 Rh7 48. Rh3 Rxe3 0-1

[Event "Solingen-ch 2016"]
[Site "Solingen"]
[Date "2016.09.23"]
[Round "2.2"]
[White "Nguyen, Gia Huy Philipp"]
[Black "Zolfagharian, Kevin"]
[Result "1/2-1/2"]
[WhiteElo "1843"]
[BlackElo "2143"]
[PlyCount "114"]
[EventDate "2016.??.??"]
[WhiteTeam "SG Solingen"]
[BlackTeam "SG Solingen"]

1. e4 c5 2. Nf3 Nc6 3. d4 cxd4 4. Nxd4 Nf6 5. Nc3 d6 6. Bg5 e6 7. Qd2 Be7 8.
O-O-O O-O 9. Kb1 a6 10. f3 Nxd4 11. Qxd4 Qc7 12. g4 Rd8 13. h4 b5 14. h5 d5 15.
e5 Ne8 16. Be3 Bb7 17. Bd3 Rac8 18. Qf4 h6 19. Bd4 Bc6 20. Qe3 Qb7 21. Rhg1 b4
22. Ne2 Bb5 23. f4 Bxd3 24. Qxd3 Qb5 25. Qxb5 axb5 26. g5 hxg5 27. fxg5 Rd7 28.
Nf4 Rdc7 29. Rd2 Rc6 30. b3 Ra6 31. Nd3 Rca8 32. Nc1 Rc6 33. Nd3 Rca6 34. Nc1
Nc7 35. Rf2 Rf8 36. Nd3 Rc6 37. g6 fxg6 38. Rxf8+ Bxf8 39. Rxg6 Kf7 40. Rg4 Na6
41. Be3 Kg8 42. h6 Kh7 43. hxg7 Bxg7 44. Bd2 Bf8 45. Nxb4 Nxb4 46. Bxb4 Bxb4
47. Rxb4 Kg6 48. Rxb5 Kf5 49. a4 Kxe5 50. c4 Kd4 51. cxd5 exd5 52. a5 Ke4 53.
Rb6 Rc8 54. a6 d4 55. Re6+ Kd5 56. Re7 Kd6 57. Re4 Kd5 1/2-1/2

[Event "Solingen-ch 2016"]
[Site "Solingen"]
[Date "2016.09.23"]
[Round "2.3"]
[White "Görke, Joachim"]
[Black "Boschek, Dr. Hans-Joachim"]
[Result "0-1"]
[WhiteElo "2106"]
[BlackElo "1948"]
[PlyCount "66"]
[EventDate "2016.??.??"]
[WhiteTeam "SG Solingen"]
[BlackTeam "SG Solingen"]

1. c4 e6 2. d4 Nf6 3. Nf3 d5 4. Nc3 Be7 5. Bg5 h6 6. Bh4 O-O 7. e3 b6 8. cxd5
Nxd5 9. Bxe7 Qxe7 10. Nxd5 exd5 11. Be2 Be6 12. O-O Nd7 13. Qa4 c5 14. Qa3 Rfc8
15. dxc5 Rxc5 16. Nd4 Nf6 17. Nb3 Rc7 18. Qxe7 Rxe7 19. Rfc1 Rc8 20. Ba6 Rcc7
21. Nd4 Ne4 22. Nc6 Re8 23. b4 Nd6 24. Nd4 Ree7 25. a4 Bc8 26. Bxc8 Rxc8 27.
Rc6 Rxc6 28. Nxc6 Re4 29. b5 Nb7 30. Nxa7 Nc5 31. a5 bxa5 32. Rxa5 d4 33. exd4
Re1# 0-1

[Event "Solingen-ch 2016"]
[Site "Solingen"]
[Date "2016.09.23"]
[Round "2.4"]
[White "Skiber, Friedel"]
[Black "Kesseler, Heiko"]
[Result "0-1"]
[WhiteElo "1727"]
[BlackElo "2100"]
[PlyCount "66"]
[EventDate "2016.??.??"]
[WhiteTeam "SG Solingen"]
[BlackTeam "Düsseldorfer SK"]

1. e4 c5 2. Nf3 a6 3. b3 Nc6 4. Bb2 d6 5. Nc3 Nf6 6. d4 cxd4 7. Nxd4 Bd7 8. f4
e6 9. Nf3 Qb6 10. Qd2 O-O-O 11. Na4 Qb4 12. Qxb4 Nxb4 13. e5 Nfd5 14. Bd3 Bxa4
15. bxa4 Nxf4 16. O-O Nfxd3 17. cxd3 Nxd3 18. Bd4 dxe5 19. Bb6 Rd6 20. a5 f6
21. Rab1 Rd5 22. Rb3 e4 23. Nd2 f5 24. Rfb1 Bc5+ 25. Bxc5 Rxc5 26. Kf1 Rd8 27.
Rxb7 Rc1+ 28. Ke2 Nf4+ 29. Ke3 Nxg2+ 30. Ke2 Nf4+ 31. Ke3 Nd5+ 32. Kf2 e3+ 33.
Kf3 Rxb1 0-1

[Event "Solingen-ch 2016"]
[Site "Solingen"]
[Date "2016.09.23"]
[Round "2.5"]
[White "Flesch, Dr. Stefan"]
[Black "Falge, Rainer"]
[Result "1-0"]
[WhiteElo "2057"]
[BlackElo "1799"]
[PlyCount "57"]
[EventDate "2016.??.??"]
[WhiteTeam "SG Solingen"]
[BlackTeam "SG Solingen"]

1. d4 d6 2. c4 Nf6 3. Nc3 g6 4. e4 Bg7 5. h3 c5 6. d5 e5 7. Bd3 Na6 8. Nge2 Nc7
9. Bg5 O-O 10. Qd2 a6 11. O-O Qe8 12. f4 Nh5 13. fxe5 Bxe5 14. Bh6 Ng7 15. Rf3
Qe7 16. Raf1 Nce8 17. g4 f6 18. Kg2 Rf7 19. Ng3 Qd7 20. b3 Rb8 21. Nd1 b6 22.
Ne3 Qd8 23. Ne2 Rbb7 24. R3f2 Bd4 25. Nxd4 cxd4 26. Nc2 f5 27. exf5 gxf5 28.
gxf5 Qf6 29. Bg5 1-0

[Event "Solingen-ch 2016"]
[Site "Solingen"]
[Date "2016.09.16"]
[Round "2.6"]
[White "Fränzel, Dr. Marius"]
[Black "Speck, Stefan"]
[Result "0-1"]
[WhiteElo "1786"]
[BlackElo "1995"]
[PlyCount "48"]
[EventDate "2016.??.??"]
[WhiteTeam "SG Solingen"]
[BlackTeam "SC Solingen 28"]

1. e4 c5 2. c3 Nf6 3. e5 Nd5 4. d4 cxd4 5. Nf3 Nc6 6. Bc4 Nb6 7. Bb3 d5 8. exd6
Qxd6 9. cxd4 Be6 10. Be3 Bc4 11. Nbd2 Ba6 12. Ne4 Qg6 13. Neg5 e6 14. Bc2 Bb4+
15. Bd2 Bd3 16. Bxd3 Qxd3 17. Bxb4 Nxb4 18. Rc1 h6 19. a3 Qxd1+ 20. Rxd1 Nc2+
21. Kd2 Nxd4 22. Nxf7 Nxf3+ 23. Ke3 Kxf7 24. Kxf3 Rad8 0-1

[Event "Solingen-ch 2016"]
[Site "Solingen"]
[Date "2016.09.23"]
[Round "2.7"]
[White "Borchert, Stephan"]
[Black "Meckel, Helmut"]
[Result "1/2-1/2"]
[WhiteElo "1964"]
[BlackElo "1755"]
[PlyCount "158"]
[EventDate "2016.??.??"]
[WhiteTeam "SG Solingen"]
[BlackTeam "SG Solingen"]

1. e4 e5 2. Nf3 Nc6 3. Bb5 Nf6 4. d4 Nxe4 5. dxe5 Bb4+ 6. c3 Be7 7. O-O O-O 8.
Qd5 Nc5 9. Bg5 Bxg5 10. Qxc5 Be7 11. Qd5 Nb8 12. Bd3 g6 13. Nbd2 c6 14. Qd4 d5
15. exd6 Qxd6 16. Qe3 Be6 17. Ne4 Qd8 18. Qh6 Nd7 19. Rad1 Qe8 20. Rfe1 Kh8 21.
Neg5 Bxg5 22. Nxg5 Nf6 23. Bxg6 fxg6 24. Rxe6 Rd8 25. Rde1 Qd7 26. h3 Rde8 27.
Rxe8 Rxe8 28. Rxe8+ Qxe8 29. Qh4 Kg7 30. Qd4 Qe7 31. f3 c5 32. Qf4 Nd5 33. Qd2
Nf6 34. f4 h6 35. Nf3 Qe4 36. Qd6 Nd5 37. Qd7+ Ne7 38. Qc7 Kf8 39. Qe5 Qb1+ 40.
Kh2 Qxb2 41. Qxc5 Qxa2 42. Ne5 Qa6 43. Qc7 Qe6 44. Qb8+ Kg7 45. Qxa7 Qd5 46.
Qb8 g5 47. fxg5 hxg5 48. Qc7 Kf8 49. c4 Qe6 50. c5 Kg7 51. Nf3 Qe3 52. Qe5+
Qxe5+ 53. Nxe5 Kf6 54. Nc4 Ke6 55. Na5 Kd5 56. Nxb7 Nc6 57. Kg3 Ne5 58. Nd8 g4
59. c6 Kd6 60. Kf4 gxh3 61. gxh3 Ng6+ 62. Kg5 Ne7 63. Kf6 Nd5+ 64. Kf5 Ne7+ 65.
Kf6 Nd5+ 66. Kf7 Kc7 67. Ne6+ Kxc6 68. h4 Ne3 69. Kf6 Kd7 70. Ng7 Nd5+ 71. Kg6
Ke7 72. Nf5+ Kf8 73. Kg5 Kg8 74. h5 Kh7 75. h6 Nc7 76. Ng7 Nd5 77. Ne8 Ne7 78.
Nf6+ Kh8 79. Kh5 Ng8 1/2-1/2

[Event "Solingen-ch 2016"]
[Site "Solingen"]
[Date "2016.09.23"]
[Round "2.8"]
[White "Lux, Andreas"]
[Black "Vranidis, Athanassios"]
[Result "1-0"]
[WhiteElo "1857"]
[BlackElo "1946"]
[PlyCount "71"]
[EventDate "2016.??.??"]
[WhiteTeam "vereinslos"]
[BlackTeam "SG Solingen"]

1. d4 Nf6 2. Nf3 e6 3. e3 d5 4. Bd3 c5 5. c3 Nc6 6. Nbd2 Bd6 7. O-O O-O 8. Qe2
e5 9. dxe5 Nxe5 10. Nxe5 Bxe5 11. e4 Re8 12. f4 Bc7 13. e5 g6 14. h3 c4 15. Bc2
Nh5 16. Qe1 Ng7 17. Nf3 Bf5 18. Ba4 Bd7 19. Bxd7 Qxd7 20. Be3 Nf5 21. Bf2 Nd6
22. Bd4 Ne4 23. Qh4 Qe7 24. Qxe7 Rxe7 25. Rad1 b6 26. Nd2 Ng3 27. Rf2 Ree8 28.
Kh2 Nf5 29. Nf3 Rad8 30. Rfd2 Rd7 31. Bf2 Red8 32. g4 Ne7 33. Bh4 Kf8 34. Nd4
h6 35. Bxe7+ Rxe7 36. Nc6 1-0

[Event "Solingen-ch 2016"]
[Site "Solingen"]
[Date "2016.09.23"]
[Round "2.9"]
[White "Riesen, Peter"]
[Black "Beyer, Fabian"]
[Result "0-1"]
[WhiteElo "1686"]
[BlackElo "1963"]
[PlyCount "34"]
[EventDate "2016.??.??"]
[WhiteTeam "Klub Kölner SF"]
[BlackTeam "SG Solingen"]

1. e4 d6 2. d4 Nf6 3. Nc3 g6 4. Nf3 Nbd7 5. Be2 Bg7 6. O-O O-O 7. Bf4 c5 8. d5
Nh5 9. Be3 a6 10. a4 b6 11. Qd2 Re8 12. Ng5 Nhf6 13. f4 Qc7 14. Rad1 h6 15. Nf3
Ng4 16. Ne1 Nxe3 17. Qxe3 Bd4 0-1

[Event "Solingen-ch 2016"]
[Site "Solingen"]
[Date "2016.09.23"]
[Round "2.12"]
[White "Fodor, Bernhard"]
[Black "Bauer, Matthias"]
[Result "0-1"]
[WhiteElo "1281"]
[BlackElo "1688"]
[PlyCount "84"]
[EventDate "2016.??.??"]
[WhiteTeam "SG Solingen"]
[BlackTeam "SV Günnigfeld"]

1. d4 f5 2. Nf3 d5 3. Nc3 c6 4. Bd2 Nf6 5. h3 e6 6. Bg5 Be7 7. Ne5 Nbd7 8. e3
O-O 9. a3 Ne4 10. Bxe7 Qxe7 11. Nxe4 fxe4 12. Ng4 Qf7 13. Qd2 Qf5 14. O-O-O h5
15. Nh2 Qxf2 16. Qxf2 Rxf2 17. Rd2 Rxd2 18. Kxd2 e5 19. Be2 exd4 20. exd4 Nf6
21. Nf1 Bf5 22. Ne3 Bg6 23. Rg1 Rf8 24. g4 hxg4 25. Bxg4 Nxg4 26. hxg4 Rf3 27.
Ke2 Rh3 28. c3 Rh2+ 29. Rg2 Rxg2+ 30. Nxg2 Be8 31. Ke3 g5 32. Kf2 Kg7 33. Ne3
Bd7 34. Kg3 Kf6 35. Kf2 Be6 36. Kg3 b6 37. b4 Ke7 38. Nc2 Kd6 39. a4 c5 40. b5
Bd7 41. Ne3 cxd4 42. cxd4 Bc8 0-1

[Event "Solingen-ch 2016"]
[Site "Solingen"]
[Date "2016.09.23"]
[Round "2.13"]
[White "Zimdars, Wolfgang"]
[Black "Schubert, Florian"]
[Result "1-0"]
[WhiteElo "1611"]
[BlackElo "982"]
[PlyCount "75"]
[EventDate "2016.??.??"]
[WhiteTeam "SG Solingen"]
[BlackTeam "SG Solingen"]

1. d4 d5 2. c4 dxc4 3. Nc3 Nf6 4. e3 Bf5 5. Bxc4 e6 6. Nf3 Nc6 7. O-O Ne4 8.
Bb5 a6 9. Bxc6+ bxc6 10. Ne5 Nxc3 11. bxc3 Qd5 12. f3 Qb5 13. e4 f6 14. c4 Qb6
15. c5 Qb5 16. a4 Qb7 17. Nd3 Bg6 18. Nf4 Rd8 19. Nxe6 Rd7 20. Nxf8 Rxf8 21.
Ba3 f5 22. e5 Bf7 23. Rb1 Qc8 24. Rf2 Qd8 25. Bb2 Ba2 26. Ra1 Bc4 27. Rc1 Bd5
28. Qe2 Qc8 29. Bc3 Bb3 30. Ra1 Kf7 31. Rb1 Bd5 32. Qe3 Qd8 33. Rfb2 Kg8 34.
Rb7 Rff7 35. Rb8 Qxb8 36. Rxb8+ Rf8 37. Rxf8+ Kxf8 38. Qd3 1-0

[Event "Solingen-ch 2016"]
[Site "Solingen"]
[Date "2016.09.23"]
[Round "2.14"]
[White "Schubert, Stefan"]
[Black "Ehringfeld, Michael"]
[Result "1-0"]
[WhiteElo "1229"]
[BlackElo "1588"]
[PlyCount "63"]
[EventDate "2016.??.??"]
[WhiteTeam "SG Solingen"]
[BlackTeam "SG Solingen"]

1. c4 Nf6 2. Nc3 g6 3. e4 d6 4. Nf3 Bg7 5. Be2 c5 6. O-O Nc6 7. d4 cxd4 8. Nxd4
Nxd4 9. Qxd4 O-O 10. Rb1 Be6 11. Qe3 a6 12. Nd5 Nxe4 13. Qxe4 Bf5 14. Nxe7+ Kh8
15. Nxf5 Re8 16. Qf3 gxf5 17. Bd3 Rg8 18. Qxf5 Qh4 19. g3 Be5 20. Kg2 Rg6 21.
Qh3 Qxh3+ 22. Kxh3 Rg7 23. Bh6 Rgg8 24. b3 Rae8 25. Rbd1 Re6 26. Bc1 Rf6 27.
Be4 b5 28. cxb5 axb5 29. a4 bxa4 30. bxa4 Bc3 31. a5 Bxa5 32. Bb2 1-0